00575 2200241 4500001002100000005001500021035002000036245005500056100002300111300002800134260003100162082000800193084001400201020002200215990001200237990001200249990001200261990001200273990001200285990001200297990001200309990001200321INLIS00000000000311420251015020817 a0010-10250000181 aX-Press TKA SMA/MA Sosiologi /cMarina Tri Handani0 aMarina Tri Handani a129 hlm ;c21 x 25,5 cm aJakarta :bErlangga,c2025 a301 a301 MAR x a978-623-522-799-3 a0755731 a0755732 a0755733 a0755734 a0755735 a0755736 a0755737 a0755738